The Eagles Albums - Statistics

General Stats
  • This quiz has been taken 66 times
  • The average score is 6 of 7
Answer Stats
Year Answer % Correct
1976 Hotel California
98%
1972 Eagles
96%
1973 Desperado
94%
1975 One of These Nights
85%
1979 The Long Run
85%
1974 On the Border
77%
2007 Long Road Out of Eden
66%
No matching quizzes found
Score Distribution
Percent of People with Each Score
Percentile by Number Answered
Your Score History
You have not taken this quiz